Los frutos de una reforma : rendición de cuentas 4to. aniversario (Record no. 4885)
[ view plain ]
| 000 -CABECERA | |
|---|---|
| campo de control de longitud fija | 00853nam a2200217 a 4500 |
| 001 - NÚMERO DE CONTROL | |
| campo de control | 000005081 |
| 003 - IDENTIFICADOR DEL NÚMERO DE CONTROL | |
| campo de control | DO-SdBNP |
| 005 - FECHA Y HORA DE LA ÚLTIMA TRANSACCIÓN | |
| campo de control | 20251204073701.0 |
| 008 - DATOS DE LONGITUD FIJA--INFORMACIÓN GENERAL | |
| campo de control de longitud fija | 090729s2001 dr 000 0 spa d |
| 040 ## - FUENTE DE LA CATALOGACIÓN | |
| Centro catalogador/agencia de origen | DO-SdBNP |
| Lengua de catalogación | spa |
| Centro/agencia transcriptor | BNPHU |
| 082 #4 - NÚMERO DE LA CLASIFICACIÓN DECIMAL DEWEY | |
| Número de clasificación | 353.4 |
| Número de documento/Ítem | R426f |
| Número de edición | 22 |
| 110 1# - ENTRADA PRINCIPAL--NOMBRE DE ENTIDAD CORPORATIVA | |
| Nombre de entidad corporativa o nombre de jurisdicción como elemento de entrada | República Dominicana. |
| Unidad subordinada | Suprema Corte de Justicia. |
| 9 (RLIN) | 7906 |
| 245 14 - MENCIÓN DE TÍTULO | |
| Título | Los frutos de una reforma : rendición de cuentas 4to. aniversario |
| Resto del título | rendición de cuentas 4to. aniversario , 4 de agosto 2001. |
| 260 ## - PUBLICACIÓN, DISTRIBUCIÓN, ETC. | |
| Lugar de publicación, distribución, etc. | Santo Domingo : |
| Nombre del editor, distribuidor, etc. | Taina, |
| Fecha de publicación, distribución, etc. | 2001. |
| 300 ## - DESCRIPCIÓN FÍSICA | |
| Extensión | viii, 384 p. ; |
| Dimensiones | 21 cm. |
| 505 0# - NOTA DE CONTENIDO CON FORMATO | |
| Título | La función jurisdiccional -- |
| -- | La institucionalización -- |
| -- | La modernización -- |
| 590 ## - NOTA LOCAL (RLIN) | |
| Nota local | Inventariado, 2020 /LP |
| 650 #0 - PUNTO DE ACCESO ADICIONAL DE MATERIA--TÉRMINO DE MATERIA | |
| Término de materia o nombre geográfico como elemento de entrada | Administración de justicia |
| Subdivisión geográfica | República Dominicana |
| 9 (RLIN) | 10083 |
| 700 1# - PUNTO DE ACCESO ADICIONAL--NOMBRE DE PERSONA | |
| Nombre de persona | Subero Isa, Jorge A., |
| Fechas asociadas al nombre | 1947- |
| Término indicativo de función/relación | presentada |
| 9 (RLIN) | 76863 |
| 942 ## - ELEMENTOS DE PUNTO DE ACCESO ADICIONAL (KOHA) | |
| Fuente del sistema de clasificación o colocación | Dewey Decimal Classification |
| Tipo de ítem Koha | Libro |
| Estado de retiro | Estado de pérdida | Fuente del sistema de clasificación o colocación | Restricciones de uso | No para préstamo | Código de colección | Localización permanente | Ubicación/localización actual | Ubicación en estantería | Fecha de adquisición | Número de inventario | Total de préstamos | Signatura topográfica completa | Código de barras | Fecha visto por última vez | Precio válido a partir de | Tipo de ítem Koha | Número de copia | Fuente de adquisición |
|---|---|---|---|---|---|---|---|---|---|---|---|---|---|---|---|---|---|---|
| Dewey Decimal Classification | Préstamo en sala | Monografías: Libros y Folletos | Biblioteca Nacional Pedro Henríquez Ureña | General | Depósito | 16.11.2020 | 353.4 R426f | 16.11.2020 | 16.11.2020 | Libro | e. 3 | Graciela Geraldo | ||||||
| Dewey Decimal Classification | Excluido de préstamo | Excluido de préstamo | Patrimonio Dominicano | Biblioteca Nacional Pedro Henríquez Ureña | Patrimonio Dominicano | Depósito | 29.07.2009 | LF1 | 353.4 R426f | 5081-10 | 25.06.2020 | 25.06.2020 | Libro y Folleto Colección Patrimonio Dominicano | |||||
| Dewey Decimal Classification | Préstamo restringido | Préstamo restrigido | Patrimonio Dominicano | Biblioteca Nacional Pedro Henríquez Ureña | Patrimonio Dominicano | Depósito | 12.04.2011 | LF1 | 353.4 R426f | 5081-20 | 25.06.2020 | 25.06.2020 | Libro y Folleto Colección Patrimonio Dominicano | e. 2 |
